[Event "London Classic Open 2014"]
[Site "London ENG"]
[Date "2014.12.14"]
[Round "9.27"]
[White "Stamos, Filippos"]
[Black "Maisuradze, Nino"]
[Result "1/2-1/2"]
[BlackTitle "WGM"]
[WhiteElo "2060"]
[BlackElo "2323"]
[WhiteFideId "4242807"]
[BlackFideId "13601717"]
[EventDate "2014.12.08"]

1. d4 Nf6 2. c4 c5 3. d5 e6 4. Nc3 exd5 5. cxd5 d6 6. e4 g6 7. h3 Bg7 8. Nf3 O-O
9. Bd3 Na6 10. O-O Nc7 11. Re1 Rb8 12. a4 a6 13. a5 b5 14. axb6 Rxb6 15. Nd2 Nb5
16. Nc4 Rb8 17. Bf4 Ne8 18. e5 dxe5 19. Nxe5 Nxc3 20. bxc3 Qxd5 21. Bc4 Qxd1 22.
Raxd1 Bxe5 1/2-1/2

[Event "London Classic Open 2014"]
[Site "London ENG"]
[Date "2014.12.14"]
[Round "9.28"]
[White "Sanders, Isaac B"]
[Black "Haldorsen, Benjamin"]
[Result "1-0"]
[WhiteTitle "FM"]
[WhiteElo "2323"]
[BlackElo "2096"]
[WhiteFideId "417661"]
[BlackFideId "1512633"]
[EventDate "2014.12.08"]

1. e4 e5 2. Nc3 Nc6 3. g3 Nf6 4. Bg2 Bc5 5. d3 d6 6. Nge2 Bb6 7. O-O Be6 8. Nd5
Bxd5 9. exd5 Ne7 10. d4 h6 11. c4 exd4 12. Nxd4 O-O 13. b3 Qd7 14. Bb2 Rfe8 15.
Qc2 Rad8 16. h3 c6 17. dxc6 bxc6 18. Rad1 d5 19. cxd5 cxd5 20. Kh2 Rc8 21. Qb1
Qd6 22. Bc1 Bxd4 23. Rxd4 Nc6 24. Rdd1 a5 25. Bb2 a4 26. Bxf6 Qxf6 27. Rxd5 axb3
28. Qxb3 Rb8 29. Qa3 Nb4 30. Rd2 Re6 31. Rb1 Ra6 32. Qe3 Rab6 33. Rdb2 g6 34. a3
Nd5 35. Rxb6 Rxb6 36. Rxb6 Nxb6 37. a4 Kg7 38. a5 Nc4 39. Qc5 Ne5 40. a6 Nf3+
41. Bxf3 Qxf3 42. a7 h5 43. Qe5+ Kh7 44. Qf4 1-0

[Event "London Classic Open 2014"]
[Site "London ENG"]
[Date "2014.12.14"]
[Round "9.29"]
[White "Buchicchio, Giampaolo"]
[Black "Burke, John S"]
[Result "1-0"]
[WhiteTitle "FM"]
[WhiteElo "2301"]
[BlackElo "2026"]
[WhiteFideId "811491"]
[BlackFideId "404322"]
[EventDate "2014.12.08"]

1. e4 c5 2. c3 d5 3. exd5 Qxd5 4. d4 Nc6 5. Nf3 Bg4 6. Be2 cxd4 7. cxd4 e6 8. h3
Bh5 9. Nc3 Bb4 10. O-O Qa5 11. Be3 Nf6 12. Qb3 O-O 13. a3 Bxc3 14. bxc3 Qc7 15.
c4 Rfd8 16. Rfd1 Na5 17. Qb4 Nc6 18. Qb3 Na5 19. Qa4 Nc6 20. Rac1 Rd7 21. g4 Bg6
22. g5 Ne4 23. d5 Ne7 24. Bf4 Qxf4 25. Qxd7 Nxf2 26. Kxf2 Nf5 27. Ke1 Qg3+ 28.
Kd2 Qf4+ 29. Kc3 Qe3+ 30. Bd3 Ng3 31. dxe6 fxe6 32. Kb2 Qxf3 33. Bxg6 hxg6 34.
Qxe6+ Kh7 35. Rd6 Qf5 36. Qxf5 gxf5 37. Rcd1 Re8 38. Rd7 f4 39. Rf7 Kg6 40. Rxf4
Kxg5 41. Rg4+ 1-0

[Event "London Classic Open 2014"]
[Site "London ENG"]
[Date "2014.12.14"]
[Round "9.30"]
[White "Wagner, Dennis"]
[Black "Ethelontis, Alexandros N"]
[Result "1-0"]
[WhiteTitle "IM"]
[WhiteElo "2488"]
[BlackElo "2160"]
[WhiteFideId "24650684"]
[BlackFideId "405469"]
[EventDate "2014.12.08"]

1. d4 e6 2. c4 Nf6 3. Nf3 Bb4+ 4. Nbd2 O-O 5. a3 Be7 6. e4 d5 7. e5 Nfd7 8. Bd3
c5 9. h4 g6 10. h5 cxd4 11. Qc2 Nc5 12. cxd5 Nxd3+ 13. Qxd3 exd5 14. Nxd4 Nc6
15. N2f3 Nxd4 16. Nxd4 Qa5+ 17. Bd2 Qa6 18. Qxa6 bxa6 19. Rc1 Re8 20. hxg6 hxg6
21. f4 Bg4 22. Kf2 Rac8 23. Kg3 Bd7 24. Bc3 Bf8 25. Kf3 Bg7 26. Rce1 Bb5 27. Re3
Rc7 28. g4 Rce7 29. Rhe1 Bh6 30. Rd1 Rd8 31. Ba5 Rb8 32. Bc3 Rd8 33. Nxb5 axb5
34. Ba5 Rdd7 35. Red3 g5 36. Rxd5 Rxd5 37. Rxd5 gxf4 38. g5 Bg7 39. Kxf4 a6 40.
Kf5 Kh7 41. Bc3 Rc7 42. Rd6 Ra7 43. Bd4 Ra8 44. Rd7 Kg8 45. g6 fxg6+ 46. Kxg6
Bf8 47. e6 Re8 48. Kf6 b4 49. a4 a5 50. e7 Bg7+ 51. Kg6 Bxd4 52. Rd8 1-0

[Event "London Classic Open 2014"]
[Site "London ENG"]
[Date "2014.12.14"]
[Round "9.31"]
[White "Williams, Simon K"]
[Black "Hill, Alistair"]
[Result "1/2-1/2"]
[WhiteTitle "GM"]
[WhiteElo "2443"]
[BlackElo "2112"]
[WhiteFideId "404454"]
[BlackFideId "432407"]
[EventDate "2014.12.08"]

1. b3 g6 2. Bb2 Nf6 3. g4 Bg7 4. g5 Nh5 5. Bxg7 Nxg7 6. Qc1 O-O 7. Qb2 d5 8. e3
c6 9. h4 Re8 10. Nf3 Qd6 11. c4 e5 12. Nc3 a6 13. O-O-O b5 14. cxd5 cxd5 15. e4
Bb7 16. d4 exd4 17. Nxd4 dxe4 18. Bg2 Nc6 19. Nxc6 Qf4+ 20. Qd2 Qxd2+ 21. Rxd2
Bxc6 22. Re2 Rac8 23. Kb2 Ne6 24. Bxe4 Nc5 25. Bxc6 Rxe2+ 26. Nxe2 Rxc6 27. Rd1
h6 28. Rd5 Ne6 29. Ng3 hxg5 30. hxg5 Kf8 31. Ne4 Ke7 32. Re5 Kd7 33. Nf6+ Ke7
34. Ne4 Kd7 1/2-1/2

[Event "London Classic Open 2014"]
[Site "London ENG"]
[Date "2014.12.14"]
[Round "9.32"]
[White "McDonald, Neil"]
[Black "Smith, Andrew Philip"]
[Result "1-0"]
[WhiteTitle "GM"]
[BlackTitle "FM"]
[WhiteElo "2431"]
[BlackElo "2148"]
[WhiteFideId "400629"]
[BlackFideId "2500833"]
[EventDate "2014.12.08"]

1. e4 e5 2. Nf3 Nc6 3. Bb5 Qf6 4. d4 Nxd4 5. Nxd4 exd4 6. O-O Bc5 7. b4 Bxb4 8.
Bb2 c5 9. Qd3 Ne7 10. c3 dxc3 11. Nxc3 O-O 12. Rab1 Qg6 13. f4 d5 14. f5 dxe4
15. fxg6 exd3 16. gxf7+ Kh8 17. Rbe1 c4 18. Bxc4 d2 19. Rd1 Bg4 20. Rxd2 Rac8
21. Rf4 Bc5+ 22. Kh1 Be3 23. Rxg4 Bxd2 24. Ne4 Bh6 25. Bb3 Rcd8 26. h4 Rd3 27.
Bc4 Rd1+ 28. Kh2 Nd5 29. Bb3 Rd3 30. Ng5 Bxg5 31. Rxg5 Nf6 32. Bxf6 Rxf7 33.
Bxf7 1-0

[Event "London Classic Open 2014"]
[Site "London ENG"]
[Date "2014.12.14"]
[Round "9.33"]
[White "Salomon, Johan"]
[Black "Hebbes, Tim"]
[Result "1/2-1/2"]
[WhiteTitle "FM"]
[WhiteElo "2343"]
[BlackElo "2126"]
[WhiteFideId "1509500"]
[BlackFideId "406570"]
[EventDate "2014.12.08"]

1. d4 Nf6 2. c4 e6 3. Nf3 d5 4. g3 Be7 5. Bg2 O-O 6. O-O c6 7. Qc2 Nbd7 8. Nbd2
Re8 9. e4 Nxe4 10. Nxe4 dxe4 11. Qxe4 Nf6 12. Qe2 c5 13. Rd1 cxd4 14. Nxd4 Qb6
15. Be3 Bc5 16. Nb5 Bxe3 17. Qxe3 Qxe3 18. fxe3 Rf8 19. a4 a6 20. Nd6 Rb8 21. c5
h6 22. b4 Ng4 23. Ra3 Ne5 24. Rc3 Bd7 25. Nxb7 Bxa4 26. Rd6 Bb5 27. Na5 Rfd8 28.
Rd4 Rdc8 29. c6 Rc7 30. Rc5 f6 31. Rd6 Kf7 32. Bh3 Nf3+ 33. Kf2 Ng5 34. Bg2 Ke7
35. Rd1 Nf7 36. Rc3 Ne5 37. Rd4 Rbc8 38. h3 Nxc6 1/2-1/2

[Event "London Classic Open 2014"]
[Site "London ENG"]
[Date "2014.12.14"]
[Round "9.34"]
[White "Villiers, Thomas"]
[Black "Paterek, Michal"]
[Result "1-0"]
[BlackTitle "FM"]
[WhiteElo "2061"]
[BlackElo "2313"]
[WhiteFideId "427209"]
[BlackFideId "1116142"]
[EventDate "2014.12.08"]

1. c4 c6 2. e4 d5 3. exd5 Nf6 4. Nc3 cxd5 5. cxd5 g6 6. Bb5+ Bd7 7. Bc4 a6 8. d3
b5 9. Bb3 Bg7 10. Nf3 O-O 11. O-O b4 12. Ne4 Bb5 13. Nxf6+ Bxf6 14. Bh6 Re8 15.
Qd2 Nd7 16. Bc4 Nb6 17. Qxb4 Nxd5 18. Qd2 Bc6 19. Bg5 Bh8 20. Rac1 Qb6 21. d4
Rad8 22. Ne5 Ba8 23. Bb3 f6 24. Nc4 Qa7 25. Bh6 e6 26. Ba4 Re7 27. Qa5 Qb8 28.
Qxa6 Nb4 29. Qb6 Nxa2 30. Ra1 Nb4 31. Bb3 Nd5 32. Qa5 g5 33. h4 Rc8 34. Qa6 Nf4
35. Nd6 Rd8 36. Nf5 Ree8 37. Ra3 Bxg2 38. Re1 Bb7 39. Rxe6 Nh3+ 40. Kf1 Bxa6+
41. Rexa6+ Qxb3 42. Rxb3 Rd5 43. Nd6 Rd8 44. Nb7 Rc8 45. Rxh3 Rxd4 46. hxg5 fxg5
47. Rg3 g4 48. f3 Be5 49. Rxg4+ Rxg4 50. fxg4 Bxb2 51. Nd6 Rd8 52. Ke2 Be5 53.
Nf5 Kf7 54. Ra7+ Kg6 55. Ra6+ Kf7 56. Ke3 Rd7 57. Ke4 Bf6 58. Be3 Rc7 59. Nd6+
Ke7 60. Ne8 Kxe8 61. Rxf6 Rg7 62. Kf5 Rb7 63. Kg5 Rg7+ 64. Kh5 Re7 65. Bg5 Ra7
66. Kh6 Rb7 67. Rf5 Ra7 68. Bf4 Rb7 69. Be5 Ra7 70. Bg7 Ra4 71. Rg5 Kf7 72. Kxh7
Rc4 73. Rf5+ Ke6 74. Rf6+ Ke7 75. g5 Rg4 76. Rf5 Ke6 77. Kg6 Rg2 78. Bf6 Rg1 79.
Re5+ Kd6 80. Re2 1-0

[Event "London Classic Open 2014"]
[Site "London ENG"]
[Date "2014.12.14"]
[Round "9.35"]
[White "Haugli, Petter"]
[Black "White, Alastair F"]
[Result "1-0"]
[WhiteTitle "IM"]
[WhiteElo "2283"]
[BlackElo "2058"]
[WhiteFideId "1500104"]
[BlackFideId "2402041"]
[EventDate "2014.12.08"]

1. d4 d6 2. e4 Nf6 3. Nc3 e5 4. Nf3 Nbd7 5. Bc4 Be7 6. O-O Nb6 7. Be2 exd4 8.
Nxd4 O-O 9. a4 a5 10. Bf4 d5 11. Ndb5 c6 12. Bc7 Qd7 13. Bxb6 cxb5 14. Nxd5 Nxd5
15. exd5 Qd6 16. Be3 bxa4 17. c4 Rd8 18. Qxa4 Bf6 19. Qc2 Qe5 20. Bb6 Re8 21.
Bd3 Ra6 22. c5 Qxd5 23. Bxa6 bxa6 24. Rfe1 Bd7 25. Rxe8+ Bxe8 26. Rd1 Qh5 27.
Re1 Be5 28. f4 Bd4+ 29. Kh1 Bc6 30. Qe2 Qxe2 31. Rxe2 a4 32. Rd2 1-0

[Event "London Classic Open 2014"]
[Site "London ENG"]
[Date "2014.12.14"]
[Round "9.36"]
[White "Prosviriakov, Vladimir"]
[Black "Iyengar, Ilya"]
[Result "1/2-1/2"]
[WhiteTitle "IM"]
[WhiteElo "2271"]
[BlackElo "2002"]
[WhiteFideId "2004860"]
[BlackFideId "405949"]
[EventDate "2014.12.08"]

1. e4 c5 2. Nc3 Nc6 3. Bb5 Nd4 4. Bc4 e6 5. Nge2 Ne7 6. O-O Nec6 7. d3 Be7 8.
Nxd4 Nxd4 9. e5 d6 10. exd6 Qxd6 11. Ne4 Qc6 12. c3 Nf5 13. a4 O-O 14. Bf4 Nd6
15. Nxd6 Bxd6 16. Bxd6 Qxd6 17. Qf3 Qc7 18. Rfe1 Bd7 19. a5 Bc6 20. Qh5 b6 21.
Re3 Qf4 22. Rae1 Rad8 23. Qd1 Rd6 24. axb6 axb6 25. Qb3 Bd5 26. Bxd5 exd5 27. g3
Qf6 28. Qa4 g6 29. d4 cxd4 30. Qxd4 Qxd4 31. cxd4 Kg7 32. Rc1 Ra8 33. Rc7 Ra1+
34. Kg2 Rb1 35. Rf3 Rf6 36. Rxf6 Kxf6 37. Rc6+ Kf5 38. Rxb6 Ke4 39. Rb4 f5 40.
h4 f4 41. gxf4 Kxf4 42. Rb7 h6 43. Rd7 Rxb2 44. Rxd5 Kg4 45. Rd6 g5 46. hxg5
hxg5 47. d5 Kf4 48. Rd8 Ke5 49. Kg3 Rb4 50. f3 Ra4 51. d6 Ke6 52. d7 Ke7 53. Rg8
Kxd7 54. Rxg5 Ke6 55. Rb5 Kf6 56. f4 Rc4 57. Kg4 Ra4 58. Rb6+ Kf7 59. Kg5 Ra5+
60. f5 Ra7 61. Rh6 Ra5 62. Rh7+ Kg8 63. Re7 Kf8 64. Re6 Kf7 65. Rf6+ Kg7 66. Rc6
Ra7 67. Rg6+ Kf7 68. Rh6 Ra5 69. Rh7+ Kg8 70. Rb7 Ra6 71. Rb1 Kg7 72. Rb7+ Kg8
73. Re7 Kf8 74. Rh7 Kg8 1/2-1/2

[Event "London Classic Open 2014"]
[Site "London ENG"]
[Date "2014.12.14"]
[Round "9.37"]
[White "Roe, Simon J"]
[Black "Chiu, Howard"]
[Result "1/2-1/2"]
[BlackTitle "CM"]
[WhiteElo "2240"]
[BlackElo "2052"]
[WhiteFideId "401471"]
[BlackFideId "5801338"]
[EventDate "2014.12.08"]

1. Nf3 Nf6 2. c4 e6 3. g3 b6 4. Bg2 Bb7 5. O-O c5 6. Nc3 Be7 7. d4 cxd4 8. Qxd4
O-O 9. Rd1 d6 10. Bg5 Nc6 11. Qf4 Na5 12. Rac1 a6 13. b3 Rc8 14. Bxf6 Bxf6 15.
Ne4 Bxe4 16. Qxe4 Qc7 17. Qb1 Qb8 18. Nd2 b5 19. Ne4 Be7 20. cxb5 axb5 21. Qd3
d5 22. Nc3 b4 23. Na4 Nc6 24. Qa6 Ne5 25. Nb6 Rc7 26. Rxc7 Qxc7 27. e3 Rb8 28.
Na4 g6 29. Qe2 Nd7 30. Qd2 Nf6 31. Rc1 Qa7 32. Qc2 h5 33. Bf3 Kg7 34. h4 Kg8 35.
Qc7 Qxc7 36. Rxc7 Bd6 37. Rc6 Be5 38. Nb6 1/2-1/2

[Event "London Classic Open 2014"]
[Site "London ENG"]
[Date "2014.12.14"]
[Round "9.38"]
[White "Corsino, Gianluca"]
[Black "Bukojemski, Adam"]
[Result "1/2-1/2"]
[WhiteElo "2140"]
[BlackElo "2214"]
[WhiteFideId "816930"]
[BlackFideId "1114620"]
[EventDate "2014.12.08"]

1. d4 Nf6 2. Bg5 d5 3. e3 e6 4. Bd3 c5 5. c3 Qb6 6. Qc1 Nc6 7. Nf3 Bd6 8. Nbd2
h6 9. Bh4 cxd4 10. exd4 Nh5 11. Bg3 Nf4 12. Bf1 Qc7 13. Nb3 b6 14. Bb5 Bd7 15.
O-O a6 16. Ne5 axb5 17. Bxf4 Nxe5 18. dxe5 Bxe5 19. Bxe5 Qxe5 20. Re1 Qd6 21.
Qe3 O-O 22. a3 f6 23. Rad1 e5 24. Nc1 Ra4 25. Na2 Rh4 26. Nb4 Be6 27. g3 Rh5 28.
Qe2 Bf7 29. Nxd5 1/2-1/2

[Event "London Classic Open 2014"]
[Site "London ENG"]
[Date "2014.12.14"]
[Round "9.39"]
[White "Robert, Pierre"]
[Black "Lalic, Peter D"]
[Result "1/2-1/2"]
[WhiteElo "2051"]
[BlackElo "2180"]
[WhiteFideId "204781"]
[BlackFideId "416711"]
[EventDate "2014.12.08"]

1. e4 c6 2. d4 d5 3. Nc3 g6 4. h3 Bg7 5. Nf3 Nh6 6. e5 f6 7. Bd3 Na6 8. O-O O-O
9. Bxa6 bxa6 10. Qe2 Nf7 11. Na4 fxe5 12. dxe5 Qa5 13. b3 Bf5 14. Bb2 e6 15. g4
Be4 16. Nd4 Ng5 17. f3 c5 18. fxe4 cxd4 19. Bxd4 dxe4 20. Bc3 Qc7 21. Rxf8+ Rxf8
22. Rf1 Rxf1+ 23. Kxf1 Bxe5 24. h4 Bxc3 25. Nxc3 Qf4+ 26. Kg2 Nf3 27. Qxe4 Nxh4+
28. Kh3 1/2-1/2

[Event "London Classic Open 2014"]
[Site "London ENG"]
[Date "2014.12.14"]
[Round "9.40"]
[White "Farrand, Tom"]
[Black "Sakai, Sou"]
[Result "1/2-1/2"]
[WhiteElo "2172"]
[BlackElo "1881"]
[WhiteFideId "406457"]
[BlackFideId "7001487"]
[EventDate "2014.12.08"]

1. e4 d6 2. d4 Nf6 3. Nc3 e5 4. dxe5 dxe5 5. Qxd8+ Kxd8 6. Bg5 Be6 7. O-O-O+ Nd7
8. Bb5 c6 9. Ba4 Kc7 10. Bb3 Bxb3 11. axb3 Bc5 12. f3 h6 13. Bd2 g5 14. Nge2 Nh5
15. g3 f6 16. Rhf1 Rae8 17. Na4 Be7 18. Be3 b6 19. Kb1 Ng7 20. Nc1 Ne6 21. Nd3
h5 22. Nc3 h4 23. g4 Bc5 24. Nxc5 Ndxc5 25. b4 Nd7 26. b5 c5 27. Nd5+ Kc8 28. c3
Rh7 29. Kc2 Nc7 30. Nxc7 Kxc7 31. Ra1 Ra8 32. Kb3 Nf8 33. Rfd1 Ng6 34. Kc4 Rd7
35. Rxd7+ Kxd7 36. b4 cxb4 37. Kxb4 Kc7 38. c4 h3 39. c5 bxc5+ 40. Bxc5 Kb7 41.
Rd1 Nh4 42. Rd7+ Kc8 43. Rh7 Nxf3 44. Rxh3 Nd2 45. Rh8+ Kb7 46. Rh7+ Kc8 47.
Bxa7 Nxe4 48. b6 Nd6 49. b7+ Nxb7 50. Rh8+ Nd8 51. Bb6 Kd7 52. Kb5 Rc8 53. Rh7+
Ke6 54. Rh8 Nb7 55. Rxc8 Nd6+ 56. Kc5 Nxc8 57. Bd8 Nd6 58. Bb6 Ne4+ 59. Kc4 Nd2+
60. Kd3 Nf3 61. h3 Nh4 62. Ke4 Ng6 63. Bf2 Nh4 64. Be3 Kf7 65. Bf2 Kg6 66. Bg3
Ng2 67. Bf2 Nf4 68. h4 gxh4 69. Bxh4 Ne6 70. Bg3 Ng5+ 71. Ke3 Nf7 72. Kf3 Kg5
73. Be1 Nd6 74. Bd2+ Kh4 75. Be1+ Kh3 76. Bb4 Nf7 77. Be7 Ng5+ 78. Ke3 Nh7 79.
Bxf6 Kxg4 1/2-1/2

[Event "London Classic Open 2014"]
[Site "London ENG"]
[Date "2014.12.14"]
[Round "9.41"]
[White "Holleland, Sigve"]
[Black "Okike, David"]
[Result "0-1"]
[WhiteElo "2042"]
[BlackElo "2169"]
[WhiteFideId "1513672"]
[BlackFideId "8500134"]
[EventDate "2014.12.08"]

1. d4 Nf6 2. c4 e6 3. Nf3 Bb4+ 4. Bd2 a5 5. a3 Be7 6. Nc3 d5 7. e3 c6 8. c5 b6
9. b4 O-O 10. Be2 Nfd7 11. cxb6 axb4 12. Na4 bxa3 13. Qb3 Ba6 14. Bxa6 Rxa6 15.
b7 Qc7 16. O-O Nb6 17. Nc5 Bxc5 18. dxc5 Nc4 19. Rfb1 Nd7 20. Bc1 Rb8 21. Bxa3
Ra7 22. Bb4 Raxb7 23. Qa4 Nxc5 0-1

[Event "London Classic Open 2014"]
[Site "London ENG"]
[Date "2014.12.14"]
[Round "9.42"]
[White "Prior, Stephen C V"]
[Black "Fernandez, Michael"]
[Result "0-1"]
[BlackTitle "FM"]
[WhiteElo "2014"]
[BlackElo "2301"]
[WhiteFideId "423378"]
[BlackFideId "5803560"]
[EventDate "2014.12.08"]

1. e4 c6 2. d4 d5 3. e5 c5 4. dxc5 e6 5. Be3 Ne7 6. Nf3 Nf5 7. Bd4 Qa5+ 8. Nc3
Nxd4 9. Nxd4 Qxc5 10. Qg4 Nc6 11. Bb5 Bd7 12. Bxc6 bxc6 13. O-O Qb4 14. a3 Qxb2
15. Na4 Qb8 16. Rfe1 g6 17. Nb3 Qc7 18. c4 h5 19. Qd4 Bh6 20. Nbc5 O-O 21. Rab1
Rfb8 22. h3 Bc8 23. Ra1 a5 24. f4 Ba6 25. Nxa6 Rxa6 26. c5 Qe7 27. Kh2 Rb5 28.
Rab1 Ra7 29. Rbc1 Rab7 30. Re3 Rb4 31. axb4 Rxb4 32. Qxb4 axb4 33. g3 h4 34. Rb3
hxg3+ 35. Kxg3 Bxf4+ 0-1

[Event "London Classic Open 2014"]
[Site "London ENG"]
[Date "2014.12.14"]
[Round "9.43"]
[White "Bates, Caspar J"]
[Black "Ismailov, Roman"]
[Result "1/2-1/2"]
[WhiteElo "2185"]
[BlackElo "2010"]
[WhiteFideId "414760"]
[BlackFideId "12807710"]
[EventDate "2014.12.08"]

1. Nf3 c6 2. b3 g6 3. Bb2 Nf6 4. e4 d6 5. d3 Bg7 6. Nbd2 O-O 7. Be2 Qc7 8. h4 h5
9. Ng5 e5 10. Nc4 Nbd7 11. Ba3 Nc5 12. Bxc5 dxc5 13. Qd2 Rd8 14. Qc3 b5 15. Qa5
Ne8 16. Qxc7 Nxc7 17. Na5 Rd6 18. O-O Ba6 19. Rfd1 Rad8 20. a3 Bc8 21. c3 f6 22.
Nf3 Ne6 23. g3 Kf7 1/2-1/2

[Event "London Classic Open 2014"]
[Site "London ENG"]
[Date "2014.12.14"]
[Round "9.44"]
[White "Shamima, Akter Liza"]
[Black "Nilsen, Martin"]
[Result "1-0"]
[WhiteTitle "WIM"]
[WhiteElo "2159"]
[BlackElo "2006"]
[WhiteFideId "10202587"]
[BlackFideId "1510657"]
[EventDate "2014.12.08"]

1. d4 d5 2. c4 c6 3. Nf3 Nf6 4. Nc3 g6 5. Bf4 Bg7 6. h3 O-O 7. e3 Be6 8. Qb3 Qb6
9. c5 Qxb3 10. axb3 Nbd7 11. b4 Ne4 12. Bd3 Bf5 13. g4 Nxc3 14. gxf5 Ne4 15. Rg1
Kh8 16. Ke2 a6 17. Ne5 Rad8 18. f3 Nef6 19. fxg6 fxg6 20. Bg5 Nxe5 21. dxe5 Ng8
22. f4 Rde8 23. Rg4 Bh6 24. Rag1 Bxg5 25. Rxg5 Nh6 26. h4 Nf7 27. R5g2 Rg8 28.
Rh2 e6 29. Kd2 Ra8 30. e4 Raf8 31. exd5 cxd5 32. b5 axb5 33. Bxb5 Nd8 34. Ke3
Nc6 35. Bd3 Nb4 36. Bb5 Nc6 37. Ra1 Ra8 38. Rhh1 Rgf8 39. Be2 Ne7 40. Bg4 Nf5+
41. Bxf5 gxf5 42. b4 Kg7 43. b5 Rfc8 44. Kd4 Kh6 45. b6 Kh5 46. Rhb1 Rxa1 47.
Rxa1 Kxh4 48. Rh1+ Kg4 49. Rxh7 Rb8 50. Re7 Kxf4 51. Rxe6 Kg3 52. Rg6+ Kf3 53.
Kxd5 Rd8+ 54. Rd6 Rf8 55. e6 f4 56. e7 Re8 57. Ke6 1-0

[Event "London Classic Open 2014"]
[Site "London ENG"]
[Date "2014.12.14"]
[Round "9.45"]
[White "Quinn, John M"]
[Black "Acosta, Mariano USA"]
[Result "1-0"]
[WhiteElo "2131"]
[BlackElo "1981"]
[WhiteFideId "405043"]
[BlackFideId "2008629"]
[EventDate "2014.12.08"]

1. d4 Nf6 2. c4 g6 3. Nc3 d5 4. Nf3 Bg7 5. Qb3 dxc4 6. Qxc4 a6 7. e4 O-O 8. Be2
b5 9. Qb3 c5 10. dxc5 Nbd7 11. Be3 Qc7 12. O-O Nxc5 13. Qb4 Ncd7 14. Rac1 Qd6
15. Qb3 Bb7 16. Rfd1 Qe6 17. e5 Qxb3 18. axb3 Bxf3 19. exf6 Bxe2 20. fxg7 Rfd8
21. Nxe2 Kxg7 22. h3 Nf8 23. Rxd8 Rxd8 24. Rc6 a5 25. Rc5 Rd1+ 26. Kh2 Re1 27.
Nd4 a4 28. Rxb5 axb3 29. Rxb3 f6 30. Rb7 1-0

[Event "London Classic Open 2014"]
[Site "London ENG"]
[Date "2014.12.14"]
[Round "9.46"]
[White "Makepeace, Philip J"]
[Black "McKerracher, Douglas"]
[Result "1-0"]
[WhiteElo "2103"]
[BlackElo "1980"]
[WhiteFideId "413550"]
[BlackFideId "2401002"]
[EventDate "2014.12.08"]

1. e4 d5 2. exd5 Qxd5 3. Nc3 Qa5 4. Rb1 c6 5. b4 Qc7 6. g3 Nf6 7. Bg2 a6 8. Nge2
e6 9. O-O Be7 10. d4 O-O 11. Bf4 Bd6 12. Ne4 Nxe4 13. Bxe4 Nd7 14. c3 Nf6 15.
Bc2 Bxf4 16. Nxf4 g6 17. Re1 Nd5 18. Ne2 b5 19. a4 Qe7 20. Qd2 Qf6 21. Be4 Bd7
22. a5 Qe7 23. Nc1 Rae8 24. Nd3 f6 25. Nc5 Bc8 26. Bxd5 cxd5 27. f4 Qd6 28. Qe3
Kg7 29. Re2 Rf7 30. g4 Rfe7 31. Nd3 Qc7 32. g5 fxg5 33. fxg5 e5 34. Nxe5 Bf5 35.
Rf1 Rc8 36. Rc1 Qd6 37. Qf4 Rec7 38. Re3 Be4 39. Rf1 Bf5 40. Qh4 Qe6 41. Ng4 Qd7
42. Nf6 1-0

[Event "London Classic Open 2014"]
[Site "London ENG"]
[Date "2014.12.14"]
[Round "9.47"]
[White "Shepley, Julien M"]
[Black "Kalaiyalahan, Akshaya"]
[Result "1/2-1/2"]
[WhiteElo "1942"]
[BlackElo "2080"]
[WhiteFideId "403210"]
[BlackFideId "422894"]
[EventDate "2014.12.08"]

1. e4 c5 2. Nc3 Nc6 3. Bb5 g6 4. Bxc6 dxc6 5. d3 Bg7 6. f4 c4 7. Nf3 cxd3 8.
cxd3 Nf6 9. O-O O-O 10. Kh1 c5 11. Be3 b6 12. d4 Ng4 13. Bg1 cxd4 14. Nxd4 e5
15. Nc6 Qxd1 16. Raxd1 exf4 17. Ne7+ Kh8 18. Nxc8 Raxc8 19. Rxf4 Ne5 20. Nd5 Rc2
21. Rf2 Rc4 22. Re2 h5 23. b3 Rcc8 24. h3 Rfe8 25. Bd4 Nd7 26. Nc3 Nc5 27. Bxg7+
Kxg7 28. b4 Na6 29. Nb5 Re7 30. Nd6 Rc3 31. Rd4 Rc1+ 32. Kh2 Rb1 33. a3 Rb3 34.
Nb5 Nc7 35. Nxc7 Rxc7 36. a4 Ra3 37. b5 Ra1 38. e5 Re7 39. g3 Ra3 40. h4 Rc7 41.
Rf4 Rd7 42. Kg2 Rdd3 43. e6 fxe6 44. Rxe6 Rd2+ 45. Kf1 Rd7 46. Kf2 Rf7 47. Rxf7+
Kxf7 1/2-1/2

[Event "London Classic Open 2014"]
[Site "London ENG"]
[Date "2014.12.14"]
[Round "9.48"]
[White "Lien, Kjell Hakon"]
[Black "Peck, Silas"]
[Result "1/2-1/2"]
[WhiteElo "2078"]
[BlackElo "1862"]
[WhiteFideId "1510444"]
[BlackFideId "432865"]
[EventDate "2014.12.08"]

1. d4 d5 2. c4 e6 3. g3 Nf6 4. Bg2 Be7 5. Nf3 O-O 6. O-O Nbd7 7. Nc3 c6 8. Qc2
b6 9. b3 Bb7 10. Bb2 Rc8 11. e4 dxe4 12. Nxe4 c5 13. Nxf6+ Nxf6 14. dxc5 Be4 15.
Qc3 Bxc5 16. Rad1 Qe7 17. Qe1 Bc2 18. Rd2 Bb4 19. Qc1 Bxd2 20. Qxc2 Bh6 21. Ne5
Qc5 22. Be4 Nxe4 23. Qxe4 Rfd8 24. Qf3 Qe7 25. Ng4 Bg5 26. h4 f5 27. hxg5 fxg4
28. Qxg4 Rd2 29. Bc3 Rxa2 30. g6 hxg6 31. Qxg6 b5 32. Bxg7 Qf7 33. Qh6 Qd7 34.
cxb5 Rac2 35. Qh8+ Kf7 36. Qh7 Ke8 37. Qh6 Qf7 38. Bf6 R2c5 39. Bh4 Rxb5 40. Re1
Kd7 41. Ra1 a5 42. Qe3 Qf5 43. Qa7+ Rc7 44. Qd4+ Rd5 45. Qa4+ Kc8 46. Re1 Rd2
47. g4 Qd5 48. Bg3 Rh7 49. Qe8+ Kb7 50. Qb8+ Ka6 51. Qc8+ Kb5 52. Qe8+ Qc6 53.
Qxc6+ Kxc6 54. Rxe6+ Kc5 55. g5 Rd3 56. g6 Rg7 57. Be5 Rg8 58. g7 Rxb3 59. f4
Rxg7+ 60. Bxg7 1/2-1/2

[Event "London Classic Open 2014"]
[Site "London ENG"]
[Date "2014.12.14"]
[Round "9.49"]
[White "Jurgensen, Graham"]
[Black "Othman, Mustapha"]
[Result "1-0"]
[WhiteTitle "CM"]
[WhiteElo "2070"]
[BlackElo "1973"]
[WhiteFideId "14300788"]
[BlackFideId "8500797"]
[EventDate "2014.12.08"]

1. e4 c5 2. Nf3 e6 3. Nc3 d5 4. exd5 exd5 5. Bb5+ Nc6 6. Ne5 Qd6 7. O-O Be6 8.
d4 cxd4 9. Qxd4 f6 10. Nf3 Kf7 11. Qa4 g5 12. Bxg5 Bh6 13. Bh4 Bf4 14. Rad1 h5
15. Nxd5 Bxd5 16. Rxd5 Qc7 17. Rfd1 Nge7 18. Rd7 Rad8 19. Bxc6 bxc6 20. Qc4+ Kg7
21. Qe6 Rhe8 22. Bxf6+ Kf8 23. Bxe7+ Kg7 24. Bf8+ Kxf8 25. Qf7# 1-0